MARC

Tag First Indicator Second Indicator Subfields
LEADER 00000cam a2200000 a 4500
001 in00002575185
005 20151201152224.0
008 100607s2009 abcab b 001 0 eng
010 |a  2010293045 
016 |a 20099027070 
019 |a 401147061 
020 |a 9781552382547 (pbk.) 
020 |a 1552382540 (pbk.) 
029 1 |a NLC  |b 20099027070 
029 1 |a CDX  |b 9888216 
029 1 |a BWX  |b R5805855 
029 1 |a AU@  |b 000045552014 
035 |a (OCoLC)ocn421751680 
035 |a (OCoLC)421751680 
040 |a NLC  |c NLC  |d DLC  |d YDXCP  |d CDX  |d BWX  |d SUC  |d COD  |d W2U  |d BTCTA  |d UtOrBLW 
042 |a lccopycat 
043 |a n-cn--- 
049 |a TXAM 
050 0 0 |a HC79.E5  |b N445 2009 
055 0 |a HC79 E5  |b N445 2009 
055 0 0 |a HC79 E5  |b N45 2009 
082 0 4 |a 333.7  |2 22 
100 1 |a Nelson, James Gordon. 
245 1 0 |a Places :  |b linking nature, culture and planning /  |c J. Gordon Nelson and Patrick L. Lawrence. 
264 1 |a Calgary :  |b University of Calgary Press,  |c [2009] 
264 4 |c ©2009 
300 |a xx, 499 pages :  |b illustrations (some color), maps ;  |c 23 cm. 
336 |a text  |b txt  |2 rdacontent 
337 |a unmediated  |b n  |2 rdamedia 
338 |a volume  |b nc  |2 rdacarrier 
490 1 |a Energy, ecology, and the environment series,  |x 1919-7144 ;  |v no. 1 
504 |a Includes bibliographical references and index. 
505 0 |a 1. Introducing the ABC Method: Towards Comprehensive and Accessible Information Systems for Conservation and Development (1990) / J. G. Nelson, J. Theberge and J. Bastedo -- 2. Origins of the ABC Method / J. G. Nelson -- 3. Emerging Theory and Methods for Land Use and Conservation Planning and Decision-Making for National Parks and Protected Areas / J. G. Nelson, R. Serafin, A. Skibicki and P. L. Lawrence -- 4. Planning for Presqu'ile Provincial Park Ontario / J. G. Nelson and J. Greig -- 5. Applying the ABC Resource Survey to the Bruce Peninsula National Park and Environs / J. G. Nelson, G. Whitelaw, J. Theberge and G. Forbes -- 6. Institutional Arrangements for Individual Environmentally Significant Areas: The Case of Aishihik, Yukon / J. G. Nelson, P. Grigoriew, J. Theberge and B. Bastedo -- 7. Institutional Arrangements for a System of Environmentally Significant Areas: The Case of the East Beaufort Sea Coast, Canada / P. C. R. Smith, J. C. Nelson and J. Theberge -- 8. Grand as a Canadian Heritage River / J. G. Nelson -- 9. Assembling, Analyzing, and Assessing Information for Coastal Planning in Java / J. G. Nelson, E. LeDrew, C. Olive and Dulbahri -- 10. Human Ecological Approach to Coastal Management in the Great Lakes / J. G. Nelson and P. L. Lawrence -- 11. Twenty Years of Efforts towards Ecosystem Planning in the Bruce Peninsula National Park, Ontario, Canada: 1987 to 2006 / P. L. Lawrence and J. G. Nelson -- 12. San Pedro River, Arizona: Land-Use History, Landscape Change and Planning for a United States Riparian National Conservation Area / J. G. Nelson -- 13. Fairy and Peninsula Lakes, Ontario, Canada: Land-Use History, Landscape Change, and Planning / P. L. Lawrence, J. G. Nelson, A. Skibicki and K. Wilcox -- 14. Carpathian Ecoregion Initiative: Assessing Large-Scale Landscape Planning in Central Europe / J. G. Nelson -- 15. Planning for the Great Arc in the Great Lakes Region / J. G. Nelson and P. L. Lawrence -- 16. Conservation and Use of the Mai Po Marshes, Hong Kong / J. G. Nelson -- 17. New Forest: Analysis and Planning of a Historical Landscape in England / J. G. Nelson -- 18. Great Sand Dunes: Planning for a New National Park in the San Luis Valley, Colorado / J. G. Nelson -- 19. Heritage Landscape Guide to the Grand River Watershed / J. G. Nelson -- 20. Retrospect and Prospect: Strengthening and Broadening the Approach / J. G. Nelson. 
650 0 |a Environmental protection  |x Planning. 
650 0 |a Environmental protection  |z Canada  |x Planning. 
650 0 |a Ecological assessment (Biology) 
650 0 |a Human ecology. 
650 0 |a Sustainable development. 
650 0 |a Land use. 
650 6 |a Environnement  |x Protection  |x Planification. 
650 6 |a Environnement  |x Protection  |z Canada  |x Planification. 
650 6 |a Évaluation écologique (Biologie) 
650 6 |a Écologie humaine. 
650 6 |a Développement durable. 
650 6 |a Sol, Utilisation du. 
700 1 |a Lawrence, Patrick Lloyd,  |d 1965- 
830 0 |a Energy, ecology, and the environment series ;  |v no. 1. 
938 |a YBP Library Services  |b YANK  |n 3058508 
938 |a Coutts Information Services  |b COUT  |n 9888216 
938 |a Blackwell Book Service  |b BBUS  |n R5805855  |c $44.95 
938 |a Baker and Taylor  |b BTCP  |n BK0008422869 
945 |a PromptCat  |b 19905 
946 |a stk 
947 |a A14840233674 
994 |a 92  |b TXA 
948 |a Cataloged  |b h  |c 2010/7/9  |d c  |e ibarton 
999 |a MARS 
999 f f |s b00831ca-6b50-36be-a577-7927690386e1  |i 792f2c13-02b0-3733-9857-268af09be6c1  |t 0 
952 f f |p ric  |a Texas A&M University  |b Rellis Campus  |c Joint Library Facility  |d Remote Storage  |t 0  |e HC79.E5 N445 2009  |h Library of Congress classification  |i unmediated -- volume  |m A14840233674 
998 f f |a HC79.E5 N445 2009  |t 0  |l Remote Storage